| 000 | 01092nam a22003015a 4500 | ||
|---|---|---|---|
| 999 |
_c27231 _d27202 |
||
| 003 | EG-ScBUE | ||
| 005 | 20210606122406.0 | ||
| 008 | 190314s2017 ua f b 000 p ara d | ||
| 017 | _a2017 / 23155 | ||
| 020 | _a9789777401289 | ||
| 040 |
_aEG-ScBUE _bara _erda _cEG-ScBUE _dEG-ScBUE |
||
| 041 | 1 |
_aara _heng |
|
| 082 | 0 | 4 |
_a821.4 _bم ي ل _222 |
| 100 | 1 |
_aملتون، جون، _d1608-1674، _eمؤلف. |
|
| 240 | 1 | 0 |
_aParadise lost. _lArabic |
| 245 | 1 | 2 |
_aالفردوس المفقود / _cتأليف جون ملتون. |
| 264 | 1 |
_aالقاهرة : _bدار الحياة للنشر والتوزيع، _c2017. |
|
| 300 |
_a663 صفحة ؛ _c24 سم |
||
| 336 |
_2rdacontent _aنص _btxt |
||
| 337 |
_2rdamedia _aبدون وسيط _bn |
||
| 338 |
_2rdacarrier _aمجلد _bnc |
||
| 546 | _aالنص باللغة العربية ؛ مترجم من اللغة الإنجليزية. | ||
| 650 | 7 |
_aالشعر الإنجليزي _xدواوين وقصائد. _2BUEsh _916640 |
|
| 651 | _2BUEsh | ||
| 653 |
_bARALIT _bHHUUEENN _bGGEN _cMarch2019 |
||
| 655 |
_vReading book _934232 |
||
| 942 | _2ddc | ||